000 00333nam a2200133Ia 4500
008 191201s1978 xx 000 0 und d
082 _a621.01
_bKHT
100 _aKHURMI, R S
245 0 _aTextbook of Thermal Engineering
260 _aN.Delhi
_bS Chand and Co. Ltd.
_c1978
300 _a895
650 _aB.Tech(ME)
942 _2ddc
_cBK
999 _c3196
_d3196